Представление документа в формате MARC21

Поле Инд. ПП Название Значение
Тип записи a
Библиографический уровень b
001 Контрольный номер RU/IS/BASE/235055711
005 Дата корректировки 20220311101442.8
040 b Код языка каталог. rus
e Правила каталог. PSBO
041 0_ a Код языка текста rus
084 a Индекс другой классификации/Индекс ББК 83.3(2=411.2)5
100 1_ a Автор Ку Бон Иль
245 10 a Заглавие Структура "идеи" главного героя романа Ф. М. Достоевского "Подросток"
504 a Библиография Библиогр. - Примеч.: с. 146 - 147
600 14 a Персоналии Достоевский Федор Михайлович
650 04 a Основная рубрика история литературы
a Основная рубрика литературоведение
a Основная рубрика филологические науки
653 0_ a Ключевые слова "Подросток"
a Ключевые слова XIX век
a Ключевые слова Аркадий Долгорукий
a Ключевые слова главный герой
a Ключевые слова литературные герои
a Ключевые слова литературные персонажи
a Ключевые слова Россия
a Ключевые слова русская литература
773 0_ t Заглавие источника Вестник Московского университета. Серия 9, Филология
d Дата издания источника 2007
g Прочая информация № 1. - С. 141 - 147
w Контрольный № источника RU/IS/BASE/229700507
901 t Тип документа b